00745nam a2200241 a 4500001001300000003000900013005001700022008004100039020002300080082001600103100002100119245004800140260003600188300000900224500003500233505004000268650002300308700002100331902000800352942000700360952011900367999001700486nice12345678IN_TiNIC20260116014920.0100202s1999 newa grp 000 0 eng  a0141006641 c29500a922.97bEAS aEaswaran, Eknath aBadshah Khanb A Man to Match His Mountains aNew DelhibPenguin Books c1999 a274p aincludes index and biblioraphy2 aglossary, chronology, biblio, index aAbdul Ghaffar Khan1 aEaswaran, Eknath bSRS cBK 001040708StackRoom-aHMIbHMId2010-02-03g295.00l0o922.97 EASp11002112r2010-02-03v295.00w2010-02-02yBK c17525d17525